Matemática estructural / Andrés Forero Cuervo (Registro nro. 11375)

Detalles MARC
000 -LEADER
fixed length control field 00610nam a22002051a 4500
001 - CONTROL NUMBER
control field 11375
003 - CONTROL NUMBER IDENTIFIER
control field OSt
005 - DATE AND TIME OF LATEST TRANSACTION
control field 20260204212240.0
008 - FIXED-LENGTH DATA ELEMENTS--GENERAL INFORMATION
fixed length control field 120830s2011||||ck ||||||b||||||||||spa||
020 ## - NUMERO DE LIBRO INTERNACIONAL NORMALIZADO
International Standard Book Number 9789586954525
050 ## - LIBRARY OF CONGRESS CALL NUMBER
Classification number 510.711 F761m
100 ## - ASIENTO PRINCIPAL -- NOMBRE PERSONAL
Personal name Forero Cuervo, Andrés
245 ## - TÍTULO PROPIAMENTE DICHO: SUBTÍTULO
Title Matemática estructural / Andrés Forero Cuervo
264 ## - PRODUCTION, PUBLICATION, DISTRIBUTION, MANUFACTURE, AND COPYRIGHT NOTICE
Place of production, publication, distribution, manufacture Colombia: Ediciones Universidades
300 ## - PHYSICAL DESCRIPTION
Extensión 324 p
500 ## - GENERAL NOTE
General note Incluye bibliografía e indice
650 ## - ASIENTO SECUNDARIO DE MATERIA -- TERMINO TEMÁTICO
Termino Temático Como Elemento de Entrada Matemática - Fundamentos 2.Matemáticas - Enseñanza Superior
700 ## - ASIENTO SECUNDARIO -- NOMBRE PERSONAL
Personal name Universidad de los Andes (Colombia)Ì
942 ## - ADDED ENTRY ELEMENTS (KOHA)
Source of classification or shelving scheme Dewey Decimal Classification
Koha item type Libros
Existencias
Withdrawn status Lost status Source of classification or shelving scheme Damaged status Not for loan Current library Date acquired Total Checkouts Full call number Barcode Date last seen Price effective from Koha item type
    Dewey Decimal Classification     Biblioteca UTECO 09/09/2019   510.711 F761M 016120 09/09/2019 09/09/2019 Libros
    Dewey Decimal Classification     Biblioteca UTECO 09/09/2019   510.711 F761M 016121 09/09/2019 09/09/2019 Libros
    Dewey Decimal Classification     Biblioteca UTECO 09/09/2019   510.711 F761M 016122 09/09/2019 09/09/2019 Libros
    Dewey Decimal Classification     Biblioteca UTECO 09/09/2019   510.711 F761M 017725 09/09/2019 09/09/2019 Libros
    Dewey Decimal Classification     Biblioteca UTECO 09/09/2019   510.711 F761M 017726 09/09/2019 09/09/2019 Libros
    Dewey Decimal Classification     Biblioteca UTECO 09/09/2019   510.711 F761M 017727 09/09/2019 09/09/2019 Libros
    Dewey Decimal Classification     Biblioteca UTECO 09/09/2019   510.711 F761M 017728 09/09/2019 09/09/2019 Libros
© 2021 Derechos Reservados UTECO - Teléfono: +1 809-585-2291 - Correo electrónico: biblioteca@uteco.edu.do​  
Código postal 43000 ​​
Dirección: Avenida Universitaria No. 100, 
Cotuí, Provincia Sánchez Ramírez, República Dominicana - RNC: 404-00059-6